Orientaciones para la inclusión de las personas discapacitadas en la vida universitaria
Guardat en:
| Autors principals: | , , |
|---|---|
| Format: | Llibre |
| Idioma: | espanyol |
| Publicat: |
Cádiz
Servicio de Publicaciones de la Universidad de Cádiz
2007
|
| Matèries: | |
| Etiquetes: |
Afegir etiqueta
Sense etiquetes, Sigues el primer a etiquetar aquest registre!
|
MARC
| LEADER | 00000cam a2200000 a 4500 | ||
|---|---|---|---|
| 001 | UCG6531 | ||
| 003 | CL-VaPUC | ||
| 008 | 110428e20070000SP |||||||||||||||||spa|d | ||
| 020 | |a 9788498281385 | ||
| 082 | 0 | 4 | |a 371.91 |b LOZ |2 21 |
| 100 | |a Lozano Alcobendas, María Teresa |e autora |9 556785 | ||
| 700 | 0 | |a Escorza Piña, Susana |e author |9 556786 | |
| 700 | 0 | |a Calvo García, Guadalupe |e author |9 556787 | |
| 245 | 1 | 0 | |a Orientaciones para la inclusión de las personas discapacitadas en la vida universitaria |
| 300 | |a 87 p | ||
| 942 | |c BK | ||
| 945 | |d 20110428 00:00:00 |a jcampos | ||
| 260 | |a Cádiz |b Servicio de Publicaciones de la Universidad de Cádiz |c 2007 | ||
| 500 | |a v.1: Orientaciones para la inclusión de las personas con discapacitadad auditiva en la vida universitaria | ||
| 500 | |a v.2: Orientaciones para la inclusión de las personas con discapacitadad visual en la vida universitaria | ||
| 500 | |a v.3: Orientaciones para la inclusión de las personas con discapacitadad motórica en la vida universitaria | ||
| 500 | |a v.4: Orientaciones para la planificación y el desarrollo de adaptaciones curriculares | ||
| 650 | 0 | |a Alumnos discapacitados (capacidades diferentes) |9 556788 | |
| 650 | 7 | |a DISCAPACIDADES FISICAS |2 CL-VaPUC |9 556789 | |
| 650 | 0 | |a Estudiantes universitarios |9 334744 | |
| 650 | 0 | |a Universidades |9 256317 | |
| 650 | 7 | |a INCLUSION EDUCACIONAL |2 CL-VaPUC |9 556790 | |
| 583 | |a last modification |c 20171020 11:00:57 |k Rodrigo Vera | ||
| 999 | |c 344734 |d 344732 | ||
| 952 | |0 0 |1 0 |3 erb |4 0 |6 371_910000000000000_LOZ_2007 |7 0 |8 A |9 442893 |a BIBEDU |b BIBEDU |c ES_NOD |d 2019-11-22 |h v.1 |i 499065K |o 371.91 LOZ 2007 |p 499065K |r 2023-08-09 |w 2019-11-22 |y BK |k EPE | ||
| 952 | |0 0 |1 0 |3 erb |4 0 |6 371_910000000000000_LOZ_2007 |7 0 |8 A |9 442894 |a BIBEDU |b BIBEDU |c ES_NOD |d 2019-11-22 |h v.2 |i 4990668 |o 371.91 LOZ 2007 |p 4990668 |r 2023-08-09 |w 2019-11-22 |y BK |k EPE | ||
| 952 | |0 0 |1 0 |3 erb |4 0 |6 371_910000000000000_LOZ_2007 |7 0 |8 A |9 442895 |a BIBEDU |b BIBEDU |c ES_NOD |d 2019-11-22 |h v.3 |i 4990676 |o 371.91 LOZ 2007 |p 4990676 |r 2023-08-09 |w 2019-11-22 |y BK |k EPE | ||
| 952 | |0 0 |1 0 |3 erb |4 0 |6 371_910000000000000_LOZ_2007 |7 0 |8 A |9 442896 |a BIBEDU |b BIBEDU |c ES_NOD |d 2019-11-22 |h v.4 |i 4771044 |o 371.91 LOZ 2007 |p 4771044 |r 2023-08-09 |w 2019-11-22 |y BK |k EPE | ||
| 952 | |0 0 |1 0 |3 erb |4 0 |6 371_910000000000000_LOZ_2007 |7 0 |8 A |9 442897 |a BIBEDU |b BIBEDU |c ES_NOD |d 2019-11-22 |h v.1 |i 4877233 |o 371.91 LOZ 2007 |p 4877233 |r 2023-08-09 |w 2019-11-22 |y BK |k EPE | ||
| 952 | |0 0 |1 0 |3 erb |4 0 |6 371_910000000000000_LOZ_2007 |7 0 |8 A |9 442898 |a BIBEDU |b BIBEDU |c ES_NOD |d 2019-11-22 |h v.2 |i 4877225 |o 371.91 LOZ 2007 |p 4877225 |r 2023-08-09 |w 2019-11-22 |y BK |k EPE | ||
| 952 | |0 0 |1 0 |3 erb |4 0 |6 371_910000000000000_LOZ_2007 |7 0 |8 A |9 442899 |a BIBEDU |b BIBEDU |c ES_NOD |d 2019-11-22 |h v.3 |i 4877241 |o 371.91 LOZ 2007 |p 4877241 |r 2023-08-09 |w 2019-11-22 |y BK |k EPE | ||
| 952 | |0 0 |1 0 |3 erb |4 0 |6 371_910000000000000_LOZ_2007 |7 0 |8 A |9 442900 |a BIBEDU |b BIBEDU |c ES_NOD |d 2019-11-22 |h v.4 |i 4877217 |o 371.91 LOZ 2007 |p 4877217 |r 2023-08-09 |w 2019-11-22 |y BK |k EPE | ||
| 952 | |0 0 |1 0 |3 erb |4 0 |6 371_910000000000000_LOZ_2007 |7 0 |8 A |9 442901 |a BIBEDU |b BIBEDU |c ES_NOD |h v.4 |i 5411823 |o 371.91 LOZ 2007 |p 5411823 |r 2023-08-09 |w 2019-11-22 |y BK |z Catalogado en:20171020 |k EPE | ||